[Event "Kimry Summer op"]
[Site "Kimry"]
[Date "2016.06.10"]
[Round "6"]
[White "Fomin, Nikita"]
[Black "Ivanevskiy, Alexander"]
[Result "1-0"]
[WhiteElo "1439"]
[BlackElo "1170"]
[PlyCount "77"]
[EventDate "2016.06.08"]
[EventType "swiss"]
[EventRounds "7"]
[EventCountry "RUS"]
[SourceTitle "CBM 172 Extra"]
[Source "ChessBase"]
[SourceDate "2016.06.21"]
[SourceVersion "1"]
[SourceVersionDate "2016.06.21"]
[SourceQuality "1"]

1. e4 e6 2. d4 d5 3. exd5 exd5 4. c4 c6 5. Nc3 Nf6 6. Nf3 Bf5 7. Be2 Nbd7 8. 0-0 Be7 9. Bf4 0-0 10. Re1 Re8 11. Nh4 Be6 12. c5 b6 13. b4 a5 14. Qb3 axb4 15. Na4 bxc5 16. dxc5 Nxc5 17. Nxc5 Bxc5 18. Nf3 Nh5 19. Bg3 d4 20. Qc2 Ra3 21. Qxc5 Ra5 22. Qxb4 Rd5 23. Bd3 g5 24. Rac1 g4 25. Ne5 f6 26. Nxc6 Qd7 27. Be4 Rd6 28. Bxd6 f5 29. Bb1 f4 30. Nxd4 Bf7 31. Bf5 Qd8 32. Rc8 Rxe1+ 33. Qxe1 Qxc8 34. Bxc8 f3 35. Qe7 h6 36. Qf8+ Kh7 37. Qxf7+ Kh8 38. Be5+ Nf6 39. Bxf6# 1-0